000 00588nam a2200217 i 4500
001 bgj
100 1 _aVALENTIN, Thomas.
245 1 0 _aGrabbes letzter Sommer :
_bRoman /
_cThomas Valentin.
260 _aFrankfurt am Main :
_bUllstein,
_c1982.
300 _a125 s. ;
_c18 cm.
490 1 _aUllstein-Buch
_pLiteratur heute
_vNr. 26063
650 9 _aPowieść niemiecka
830 _aUllstein-Buch
_pLiteratur heute
020 _a3548260632
040 _cBPK
041 0 _ager
044 _aDEU
080 _a821.112.2-3
942 _cKS
008 s gw f |000 0 ger
999 _c50528
_d50528
856 _uhttp://koha.tu.koszalin.pl/cgi-bin/koha/opac-detail.pl?biblionumber=50528
_yKatalog online BPK